Sejarah Malaysia Kita / (Record no. 4971)
[ view plain ]
| 000 -LEADER | |
|---|---|
| fixed length control field | 00737nam a2200229 a 4500 |
| 005 - DATE AND TIME OF LATEST TRANSACTION | |
| control field | 20230131104928.0 |
| 008 - FIXED-LENGTH DATA ELEMENTS--GENERAL INFORMATION | |
| fixed length control field | 230131t2020 m ||||| |||| 00| 0 eng d |
| 020 ## - INTERNATIONAL STANDARD BOOK NUMBER | |
| International Standard Book Number | 9789674155339 |
| 040 ## - CATALOGING SOURCE | |
| Original cataloging agency | AKMAL |
| 082 ## - DEWEY DECIMAL CLASSIFICATION NUMBER | |
| Classification number | 959.5 TUN |
| 090 ## - LOCALLY ASSIGNED LC-TYPE CALL NUMBER (OCLC); LOCAL CALL NUMBER (RLIN) | |
| Classification number (OCLC) (R) ; Classification number, CALL (RLIN) (NR) | 959.5 |
| Local cutter number (OCLC) ; Book number/undivided call number, CALL (RLIN) | TUN |
| 100 ## - MAIN ENTRY--PERSONAL NAME | |
| Personal name | Tunku Halim, 1964- |
| 9 (RLIN) | 9507 |
| 245 ## - TITLE STATEMENT | |
| Title | Sejarah Malaysia Kita / |
| Statement of responsibility, etc. | Tunku Halim ; |
| Name of part/section of a work | Diterjemahkan dari bahasa Inggeris oleh Tunku Halim, Anis Shahbirin dan Zaharah Othman |
| 260 ## - PUBLICATION, DISTRIBUTION, ETC. | |
| Place of publication, distribution, etc. | Petaling Jaya : |
| Name of publisher, distributor, etc. | MPH Group Publishing Sdn Bhd |
| Date of publication, distribution, etc. | 2020 |
| 300 ## - PHYSICAL DESCRIPTION | |
| Extent | 273p. : |
| Other physical details | ill. ; |
| Dimensions | 20cm |
| 504 ## - BIBLIOGRAPHY, ETC. NOTE | |
| Bibliography, etc. note | Includes bibliography |
| 599 ## - LOCAL NOTE | |
| Local Note | DALAM PROSES |
| 650 ## - SUBJECT ADDED ENTRY--TOPICAL TERM | |
| Topical term or geographic name entry element | Malaysia |
| General subdivision | History |
| 9 (RLIN) | 9508 |
| 700 ## - ADDED ENTRY--PERSONAL NAME | |
| Personal name | Anis Shahbirin |
| 9 (RLIN) | 9509 |
| 700 ## - ADDED ENTRY--PERSONAL NAME | |
| Personal name | Zaharah Othman |
| 9 (RLIN) | 9510 |
| 942 ## - ADDED ENTRY ELEMENTS (KOHA) | |
| Source of classification or shelving scheme | |
| Koha item type | Book |
| Withdrawn status | Lost status | Source of classification or shelving scheme | Damaged status | Not for loan | Collection code | Home library | Current library | Shelving location | Date acquired | Inventory number | Total Checkouts | Full call number | Barcode | Date last seen | Price effective from | Koha item type |
|---|---|---|---|---|---|---|---|---|---|---|---|---|---|---|---|---|
| NON-FICTION | AKMAL Melaka | AKMAL Melaka | PINJAMAN | 31.01.2023 | 011522 | 959.5 TUN | 201708188 | 31.01.2023 | 31.01.2023 | Book |
